|
|
|
|
| LEADER |
01429nam a2200241 u 4500 |
| 001 |
10037348 |
| 003 |
GR-PaULI |
| 005 |
20240603090804.0 |
| 008 |
001023s2018 gr ob gre d |
| 020 |
|
|
|a 9789607970831
|
| 040 |
|
|
|a GR-PaULI
|c GR-PaULI
|b gre
|e AACR2
|
| 082 |
0 |
4 |
|a 808.803 582 097 32
|2 23
|
| 100 |
1 |
|
|a Μοίρα, Μαρία
|e συγγραφέας.
|9 203947
|
| 245 |
1 |
0 |
|a Ηράκλειο η αδιόρατη πόλη :
|b λογοτεχνικές διαδρομές στον αστικό χώρο : η πόλη των συγγραφέων Έλλης Αλεξίου, Ρέας Γαλανάκη, Λιλής Ζωγράφου, Γαλατείας Καζαντζάκη, Κλαίρης Μιτσοτάκη, Νίκου Καζαντζάκη /
|c Μαρία Μοίρα.
|
| 260 |
|
|
|a Ηράκλειον Κρήτης :
|b Βικελαία Δημοτική Βιβλιοθήκη,
|c 2018.
|
| 300 |
|
|
|a 301 σ. :
|b εικ., χάρτες ;
|c 21x28 εκ.
|
| 504 |
|
|
|a Περιλαμβάνει βιβλιογραφία.
|
| 650 |
|
4 |
|9 104693
|a Πόλεις και κωμοπόλεις στη λογοτεχνία
|
| 651 |
|
4 |
|9 181753
|a Ηράκλειο
|x Στη λογοτεχνία.
|
| 760 |
0 |
|
|a
|g
|
| 942 |
|
|
|2 ddc
|c BK
|
| 952 |
|
|
|0 0
|1 0
|2 ddc
|4 0
|6 808_803000000000000_582_097_32_ΜΟΙ
|7 0
|9 380830
|a LISP
|b LISP
|c DON
|d 2024-06-03
|e ΜΑΡ
|i 366091
|l 0
|o 808.803 582 097 32 ΜΟΙ
|p 025000311355
|r 0000-00-00 00:00:00
|w 2024-06-03
|y BKN
|
| 999 |
|
|
|c 221299
|d 221299
|